00421nam a2200121Ia 4500008004100000082001400041100004500055245005700100300000800157942001200165999001900177952010300196210430s9999 xx 000 0 und d a355 G112C aRichar A. Garbiel, Paul L. Savage954630 aCrisis in CommandcRichar A. Garbiel, Paul L. Savage a242 cBK2ddc c565267d565267 001040708NFICaSCMEbSCMEcGENd0004-06-15l0o355 G112CpSCME-4556r2021-04-30w2021-04-30yBK